[Event "SRB-chT 1st League"]
[Site "Vrnjacka Banja"]
[Date "2007.09.16"]
[Round "2.5"]
[White "Rajkovic, Ljubomir"]
[Black "Jonic, Vladimir"]
[Result "0-1"]
[WhiteElo "2208"]
[BlackElo "2208"]
[PlyCount "84"]
[EventDate "2007.09.08"]
[EventType "team"]
[EventRounds "11"]
[EventCountry "SRB"]
[SourceTitle "EXT 2012"]
[Source "ChessBase"]
[SourceDate "2011.11.24"]
[SourceVersion "1"]
[SourceVersionDate "2011.11.24"]
[SourceQuality "1"]
[WhiteTeam "Pozarevac"]
[BlackTeam "Progres"]
[WhiteTeamCountry "SRB"]
[BlackTeamCountry "SRB"]

1. e4 c5 2. Nf3 d6 3. Bb5+ Bd7 4. Bxd7+ Qxd7 5. 0-0 Nc6 6. c3 d5 7. d3 e6 8. Qe2 Nge7 9. Bg5 Ng6 10. Na3 Be7 11. Bxe7 Qxe7 12. exd5 exd5 13. Rfe1 Qxe2 14. Rxe2+ Kd7 15. g3 f6 16. Nc2 Rae8 17. Rxe8 Rxe8 18. Ne3 Nge5 19. Nxe5+ Rxe5 20. Kf1 d4 21. Nc2 b5 22. a3 Rh5 23. Kg2 Rd5 24. Rd1 a5 25. f4 b4 26. axb4 axb4 27. c4 Rd6 28. Ra1 Re6 29. Kf2 b3 30. Ne1 Nb4 31. Ra7+ Kc6 32. Rxg7 Rxe1 33. Kxe1 Nxd3+ 34. Kd2 Nxb2 35. Kc1 Nxc4 36. Rg8 Nd6 37. Rb8 c4 38. g4 Nb5 39. Kb2 d3 40. Rd8 Kc5 41. g5 f5 42. Ka1 Nd6 0-1